书目信息 |
| 题名: |
手绘表现技法教程
|
|
| 作者: | 王亦敏 , 张海林 编著 | |
| 分册: | 工业设计篇 | |
| 出版信息: | 天津 天津大学出版社 2006.09 |
|
| 页数: | 140页 | |
| 开本: | 29cm | |
| 丛书名: | ||
| 单 册: | ||
| 中图分类: | J524 | |
| 科图分类: | ||
| 主题词: | 工业设计--gong ye she ji--技法 (美术)--教材 | |
| 电子资源: | ||
| ISBN: | 7-5618-2359-2 | |
| 000 | 01131nam0 2200277 450 | |
| 001 | 012007595150 | |
| 005 | 20070521104334.03 | |
| 010 | @a7-5618-2359-2@dCNY68.00 (含光盘) | |
| 100 | @a20070320d2006 km y0chiy0120 ea | |
| 101 | 0 | @achi |
| 102 | @aCN@b120000 | |
| 105 | @aa a 000yy | |
| 200 | 1 | @a手绘表现技法教程@Ashou hui biao xian ji fa jiao cheng@d= Handpainted performance technique course@i工业设计篇@f王亦敏, 张海林编著@Fwang yi min,zhang hai lin bian zhu@zeng |
| 210 | @a天津@c天津大学出版社@d2006.09 | |
| 215 | @a140页@c图@d29cm@e光盘1片 | |
| 307 | @a光盘 ISBN : 7-900679-31-6 | |
| 320 | @a有书目 | |
| 330 | @a本书分四个章节,分别从准备,进行,检验等几个阶段阐述了工业设计手绘表现的全部内容。本书重点介绍表现性速写、概念性表现图及图解思考,力求将创造性设计思维与表现性技巧合而为一。 | |
| 510 | 1 | @aHandpainted performance technique course@zeng |
| 517 | 1 | @a工业设计篇@Agong ye she ji pian |
| 606 | 0 | @a工业设计@Agong ye she ji@x技法 (美术)@j教材 |
| 690 | @aJ524@v4 | |
| 701 | 0 | @a王亦敏@Awang yi min@4编著 |
| 701 | 0 | @a张海林@Azhang hai lin@4编著 |
| 801 | 0 | @aCN@c20070521 |
| 905 | @a10447@dJ524@eW434 | |
| 手绘表现技法教程= Handpainted performance technique course.工业设计篇/王亦敏, 张海林编著.-天津:天津大学出版社,2006.09 |
| 140页:图;29cm+光盘1片 |
| ISBN 7-5618-2359-2:CNY68.00 (含光盘) |
| 本书分四个章节,分别从准备,进行,检验等几个阶段阐述了工业设计手绘表现的全部内容。本书重点介绍表现性速写、概念性表现图及图解思考,力求将创造性设计思维与表现性技巧合而为一。 |
| ● |
| 相关链接 |
|
|
|
正题名:手绘表现技法教程
索取号:J524/W434
 
预约/预借
| 序号 | 登录号 | 条形码 | 馆藏地/架位号 | 状态 | 备注 |
| 1 | 238638 | 202386382 | 社科库309/309社科库 86排4列4层/ [索取号:J524/W434] | 在馆 | |
| 2 | 238639 | 202386391 | 社科库309/309社科库 86排4列4层/ [索取号:J524/W434] | 在馆 | |
| 3 | 238640 | 202386408 | 社科库309/309社科库 86排4列4层/ [索取号:J524/W434] | 在馆 |